[Event "WchT Seniors 65"]
[Site "Radebeul"]
[Date "2016.07.04"]
[Round "9.13"]
[White "Dueckstein, Andreas"]
[Black "Alkkiomaki, Jyrki"]
[Result "1-0"]
[WhiteElo "2084"]
[BlackElo "1973"]
[PlyCount "71"]
[EventDate "2016.06.26"]
[EventType "team-swiss"]
[EventRounds "9"]
[EventCountry "GER"]
[SourceTitle "CBM 173 Extra"]
[Source "ChessBase"]
[SourceDate "2016.08.29"]
[SourceVersion "1"]
[SourceVersionDate "2016.08.29"]
[SourceQuality "1"]
[WhiteTeam "Wien"]
[BlackTeam "Turku"]
[WhiteTeamCountry "AUT"]
[BlackTeamCountry "FIN"]

1. e4 e5 2. Nf3 Nc6 3. Bb5 a6 4. Ba4 Nf6 5. d3 d6 6. c3 Be7 7. 0-0 0-0 8. Re1 Bd7 9. Nbd2 Re8 10. Nf1 Bf8 11. Ne3 Ne7 12. Bb3 Be6 13. Bxe6 fxe6 14. h3 Ng6 15. g3 Qd7 16. Ng4 Nxg4 17. hxg4 Be7 18. Kg2 d5 19. Qb3 Bc5 20. exd5 exd5 21. Be3 Bxe3 22. Rxe3 c6 23. Rae1 b5 24. Nxe5 Nxe5 25. Rxe5 Rxe5 26. Rxe5 Qxg4 27. Rxd5 Kh8 28. Rd4 Qe2 29. Qb4 a5 30. Qd6 Qe8 31. Re4 Qc8 32. Re7 Qf5 33. Re5 Qc8 34. d4 h6 35. Re6 Ra6 36. Qe5 1-0

[Event "WchT Seniors 65"]
[Site "Radebeul"]
[Date "2016.07.01"]
[Round "6.8"]
[White "Sprotte, Norbert"]
[Black "Dueckstein, Andreas"]
[Result "1-0"]
[WhiteElo "2216"]
[BlackElo "2084"]
[PlyCount "77"]
[EventDate "2016.06.26"]
[EventType "team-swiss"]
[EventRounds "9"]
[EventCountry "GER"]
[SourceTitle "CBM 173 Extra"]
[Source "ChessBase"]
[SourceDate "2016.08.29"]
[SourceVersion "1"]
[SourceVersionDate "2016.08.29"]
[SourceQuality "1"]
[WhiteTeam "Berlin"]
[BlackTeam "Wien"]
[WhiteTeamCountry "GER"]
[BlackTeamCountry "AUT"]

1. d4 Nf6 2. Nf3 e6 3. e3 b6 4. Bd3 Bb7 5. 0-0 c5 6. c4 Nc6 7. Nc3 Be7 8. d5 Nb4 9. Be2 exd5 10. a3 dxc4 11. axb4 cxb4 12. Nb5 d5 13. Rxa7 Rxa7 14. Nxa7 0-0 15. Nb5 Qd7 16. Nbd4 Ra8 17. Ne5 Qe8 18. h3 Bc5 19. Ng4 Ne4 20. Bf3 h5 21. Bxe4 Qxe4 22. Nh2 g6 23. Nhf3 Ra1 24. Qc2 b3 25. Qc3 Qe7 26. Bd2 Rxf1+ 27. Kxf1 Ba6 28. Kg1 Qe4 29. h4 Bc8 30. Qc1 Bxd4 31. Nxd4 Qxh4 32. Nxb3 Bh3 33. gxh3 Qg5+ 34. Kf1 cxb3 35. Qc8+ Kh7 36. Bc3 f6 37. Qe6 Qf5 38. Qxf5 gxf5 39. Bxf6 1-0

[Event "WchT Seniors 65"]
[Site "Radebeul"]
[Date "2016.06.30"]
[Round "5.2"]
[White "Dueckstein, Andreas"]
[Black "Gneiss, Karl"]
[Result "1/2-1/2"]
[WhiteElo "2084"]
[BlackElo "2183"]
[PlyCount "20"]
[EventDate "2016.06.26"]
[EventType "team-swiss"]
[EventRounds "9"]
[EventCountry "GER"]
[SourceTitle "CBM 173 Extra"]
[Source "ChessBase"]
[SourceDate "2016.08.29"]
[SourceVersion "1"]
[SourceVersionDate "2016.08.29"]
[SourceQuality "1"]
[WhiteTeam "Wien"]
[BlackTeam "Niederoesterreich"]
[WhiteTeamCountry "AUT"]
[BlackTeamCountry "AUT"]

1. f4 d5 2. Nf3 Nf6 3. e3 c5 4. b3 Nc6 5. Bb2 Bg4 6. Bb5 Qc7 7. 0-0 e6 8. h3 Bxf3 9. Bxc6+ Qxc6 10. Qxf3 Be7 1/2-1/2

[Event "WchT Seniors 65"]
[Site "Radebeul"]
[Date "2016.06.29"]
[Round "4.2"]
[White "Roos, Hans Goerg"]
[Black "Dueckstein, Andreas"]
[Result "1/2-1/2"]
[WhiteElo "1948"]
[BlackElo "2084"]
[PlyCount "69"]
[EventDate "2016.06.26"]
[EventType "team-swiss"]
[EventRounds "9"]
[EventCountry "GER"]
[SourceTitle "CBM 173 Extra"]
[Source "ChessBase"]
[SourceDate "2016.08.29"]
[SourceVersion "1"]
[SourceVersionDate "2016.08.29"]
[SourceQuality "1"]
[WhiteTeam "Saxone"]
[BlackTeam "Wien"]
[WhiteTeamCountry "GER"]
[BlackTeamCountry "AUT"]

1. Nf3 d5 2. g3 c5 3. Bg2 Nc6 4. d3 Nf6 5. 0-0 g6 6. Nbd2 Bg7 7. e4 dxe4 8. dxe4 0-0 9. c3 e5 10. Qc2 Qe7 11. a4 b6 12. Re1 Ba6 13. Bf1 Bxf1 14. Nxf1 h6 15. Ne3 Rfd8 16. Bd2 Qe6 17. Kg2 Rac8 18. Rad1 Nd4 19. Nxd4 cxd4 20. Nf1 d3 21. Qb1 Qc6 22. f3 Qxa4 23. Re3 Rd7 24. Be1 Rcd8 25. Rexd3 Qxd1 26. Qxd1 Rxd3 27. Qa4 Rd1 28. Bf2 R8d2 29. Qb5 Rb1 30. b4 Rdd1 31. Ne3 Rd2 32. Nc4 Rc2 33. Nxe5 Rbb2 34. Nd3 Rd2 35. Kf1 1/2-1/2

[Event "EU-chT Seniors"]
[Site "Vienna"]
[Date "2015.07.19"]
[Round "8.15"]
[White "Dueckstein, Andreas"]
[Black "Borek, Jutta"]
[Result "1-0"]
[WhiteElo "2120"]
[BlackElo "2056"]
[PlyCount "61"]
[EventDate "2015.07.12"]
[EventType "team-swiss"]
[EventRounds "9"]
[EventCountry "AUT"]
[SourceTitle "EXT 2018"]
[Source "ChessBase"]
[SourceDate "2017.10.13"]
[SourceVersion "1"]
[SourceVersionDate "2017.10.13"]
[SourceQuality "1"]
[WhiteTeam "Wien 75+"]
[BlackTeam "Austria (W)"]
[WhiteTeamCountry "AUT"]
[BlackTeamCountry "AUT"]

1. d4 Nf6 2. c4 e6 3. Nc3 Bb4 4. a3 Bxc3+ 5. bxc3 c5 6. e3 0-0 7. Bd3 d6 8. Ne2 e5 9. Ng3 Nc6 10. 0-0 h6 11. f4 exd4 12. cxd4 cxd4 13. exd4 Qb6 14. Ra2 Qxd4+ 15. Kh1 Bg4 16. Qc2 Qc5 17. Rb2 Rfe8 18. Rxb7 Nd4 19. Qd2 Qc6 20. Rb1 Re7 21. Bb2 Nb3 22. Qc2 Nc5 23. Bxf6 gxf6 24. Bf5 Bxf5 25. Nxf5 Re4 26. Qc3 Nd7 27. Qg3+ Kf8 28. Qg7+ Ke8 29. Qh8+ Nf8 30. Qxf6 Re6 31. Ng7+ 1-0

[Event "EU-chT Seniors"]
[Site "Sibenik"]
[Date "2014.04.07"]
[Round "7.8"]
[White "Wallner, Joachim"]
[Black "Dueckstein, Andreas"]
[Result "1-0"]
[WhiteElo "2361"]
[BlackElo "2188"]
[PlyCount "101"]
[EventDate "2014.04.01"]
[EventType "team-swiss"]
[EventRounds "9"]
[EventCountry "CRO"]
[SourceTitle "CBM 159 Extra"]
[Source "ChessBase"]
[SourceDate "2014.04.24"]
[SourceVersion "1"]
[SourceVersionDate "2014.04.24"]
[SourceQuality "1"]
[WhiteTeam "Austria Seniors"]
[BlackTeam "Austria Wien Seniors II"]
[WhiteTeamCountry "AUT"]
[BlackTeamCountry "AUT"]

1. b3 e5 2. Bb2 Nc6 3. e3 Nge7 4. c4 d6 5. Nf3 g6 6. d4 Bg7 7. d5 Nb8 8. Nc3 0-0 9. Be2 a5 10. a3 h6 11. 0-0 Nd7 12. b4 Nf6 13. Qb3 b6 14. Rfd1 Bf5 15. Rac1 g5 16. Nb5 Nd7 17. Bc3 axb4 18. axb4 Qb8 19. h4 g4 20. Nd2 h5 21. Ra1 Qb7 22. e4 Bg6 23. Bd3 Rfb8 24. Qb2 Nf6 25. Qc2 Bh6 26. Rab1 g3 27. f3 Qc8 28. Nf1 Bf4 29. Be1 Ng4 30. Qe2 Nf2 31. Bxf2 gxf2+ 32. Qxf2 Qd7 33. Ra1 c6 34. dxc6 Qxc6 35. Ne3 Qd7 36. g3 Bh6 37. Bf1 Rxa1 38. Rxa1 Qc6 39. Ra7 Bf8 40. Qd2 Rd8 41. Qa2 Bh6 42. Kf2 Rd7 43. Rxd7 Qxd7 44. Qa8+ Kh7 45. Qb8 d5 46. Nxd5 Nxd5 47. cxd5 Qe7 48. d6 Qf6 49. Kg2 Qe6 50. Qxb6 Bf8 51. Qc5 1-0

[Event "EU-chT Seniors"]
[Site "Sibenik"]
[Date "2014.04.01"]
[Round "1.3"]
[White "Rukavina, Josip"]
[Black "Dueckstein, Andreas"]
[Result "1-0"]
[WhiteElo "2405"]
[BlackElo "2188"]
[PlyCount "88"]
[EventDate "2014.04.01"]
[EventType "team-swiss"]
[EventRounds "9"]
[EventCountry "CRO"]
[SourceTitle "CBM 159 Extra"]
[Source "ChessBase"]
[SourceDate "2014.04.24"]
[SourceVersion "1"]
[SourceVersionDate "2014.04.24"]
[SourceQuality "1"]
[WhiteTeam "Croatia Seniors"]
[BlackTeam "Austria Wien Seniors II"]
[WhiteTeamCountry "CRO"]
[BlackTeamCountry "AUT"]

1. c4 e5 2. Nc3 Nf6 3. g3 d5 4. cxd5 Nxd5 5. Bg2 Nb6 6. d3 Nc6 7. Bxc6+ bxc6 8. Nf3 f6 9. 0-0 Bg4 10. Be3 Nd5 11. Qa4 Qd7 12. Rac1 Bd6 13. Ne4 Ne7 14. Rc4 Bxf3 15. exf3 0-0 16. Rfc1 Kh8 17. Kg2 f5 18. Nc5 Qe8 19. Na6 f4 20. Bc5 Qd7 21. Qd1 Rf6 22. g4 h5 23. h3 Rg6 24. Kf1 hxg4 25. hxg4 Rh6 26. Qe2 Re8 27. Qe4 Nd5 28. Bxd6 Rxd6 29. Kg2 Rh6 30. Rh1 Rxh1 31. Kxh1 Re6 32. Kg2 Rh6 33. Qxe5 Qd8 34. Re4 Qh4 35. Kf1 Qh1+ 36. Ke2 Rh3 37. Rxf4 Nxf4+ 38. Qxf4 Rh6 39. Qf8+ Kh7 40. Qf5+ Kh8 41. g5 Rd6 42. Nxc7 Rd8 43. Ne6 Rg8 44. Nf8 Qc1 1-0

[Event "Vienna Tschaturanga op"]
[Site "Vienna"]
[Date "2012.05.08"]
[Round "2"]
[White "Dueckstein, Andreas"]
[Black "Karall, Lorenz"]
[Result "1-0"]
[WhiteElo "2228"]
[BlackElo "1946"]
[PlyCount "46"]
[EventDate "2012.05.07"]
[EventType "swiss"]
[EventRounds "7"]
[EventCountry "AUT"]
[SourceTitle "CBM 148 Extra"]
[Source "ChessBase"]
[SourceDate "2012.06.22"]
[SourceVersion "1"]
[SourceVersionDate "2012.06.22"]
[SourceQuality "1"]

1. e4 Nf6 2. e5 Nd5 3. Nc3 c6 4. d4 d6 5. Nxd5 cxd5 6. Bd3 Nc6 7. Nf3 dxe5 8. dxe5 g6 9. h3 Bg7 10. Qe2 0-0 11. c3 Qc7 12. Bf4 Rd8 13. 0-0 d4 14. Rac1 Qa5 15. b4 Nxb4 16. cxb4 Qxb4 17. Rc7 Be6 18. Rb1 Qa3 19. Rbxb7 Bd5 20. Rb1 e6 21. Ng5 Rf8 22. Be4 Qa5 23. Rbc1 Rad8 1-0

[Event "EU-chT Seniors"]
[Site "Rogaska Slatina"]
[Date "2012.03.30"]
[Round "4.5"]
[White "Dueckstein, Andreas"]
[Black "Haubt, Georg"]
[Result "1/2-1/2"]
[WhiteElo "2221"]
[BlackElo "2215"]
[PlyCount "25"]
[EventDate "2012.03.27"]
[EventType "team-swiss"]
[EventRounds "9"]
[EventCountry "SLO"]
[SourceTitle "CBM 147 Extra"]
[Source "ChessBase"]
[SourceDate "2012.04.24"]
[SourceVersion "1"]
[SourceVersionDate "2012.04.24"]
[SourceQuality "1"]
[WhiteTeam "Vienna (Seniors)"]
[BlackTeam "Hessen (Seniors)"]
[WhiteTeamCountry "AUT"]
[BlackTeamCountry "GER"]

1. e4 d5 2. exd5 Qxd5 3. Nc3 Qd6 4. d4 Nf6 5. Nf3 a6 6. h3 g6 7. Bd3 Nc6 8. Ne4 Nxe4 9. Bxe4 Bg7 10. c3 f5 11. Bc2 Be6 12. 0-0 h6 13. Re1 1/2-1/2

[Event "EU-chT Seniors"]
[Site "Rogaska Slatina"]
[Date "2012.03.29"]
[Round "3.9"]
[White "Thieme, Hans"]
[Black "Dueckstein, Andreas"]
[Result "1/2-1/2"]
[WhiteElo "2075"]
[BlackElo "2221"]
[PlyCount "37"]
[EventDate "2012.03.27"]
[EventType "team-swiss"]
[EventRounds "9"]
[EventCountry "SLO"]
[SourceTitle "CBM 147 Extra"]
[Source "ChessBase"]
[SourceDate "2012.04.24"]
[SourceVersion "1"]
[SourceVersionDate "2012.04.24"]
[SourceQuality "1"]
[WhiteTeam "Oberursel (Seniors)"]
[BlackTeam "Vienna (Seniors)"]
[WhiteTeamCountry "GER"]
[BlackTeamCountry "AUT"]

1. e4 e6 2. d4 d5 3. Nc3 Bb4 4. Bd3 dxe4 5. Bxe4 Nf6 6. Bf3 c5 7. a3 Ba5 8. Nge2 cxd4 9. Qxd4 Qxd4 10. Nxd4 Bxc3+ 11. bxc3 a6 12. Rb1 e5 13. Nb3 e4 14. Be2 Nbd7 15. c4 0-0 16. 0-0 b6 17. Be3 Re8 18. Rfd1 Re7 19. h3 1/2-1/2

[Event "EU-chT Seniors"]
[Site "Rogaska Slatina"]
[Date "2012.03.28"]
[Round "2.1"]
[White "Dueckstein, Andreas"]
[Black "Pushkov, Nikolai"]
[Result "1/2-1/2"]
[WhiteElo "2221"]
[BlackElo "2390"]
[PlyCount "164"]
[EventDate "2012.03.27"]
[EventType "team-swiss"]
[EventRounds "9"]
[EventCountry "SLO"]
[SourceTitle "CBM 147 Extra"]
[Source "ChessBase"]
[SourceDate "2012.04.24"]
[SourceVersion "1"]
[SourceVersionDate "2012.04.24"]
[SourceQuality "1"]
[WhiteTeam "Vienna (Seniors)"]
[BlackTeam "Russia (Seniors)"]
[WhiteTeamCountry "AUT"]
[BlackTeamCountry "RUS"]

1. e4 e6 2. d4 d5 3. Nc3 Nf6 4. exd5 exd5 5. Bd3 Nc6 6. Nge2 Nb4 7. Bb5+ c6 8. Ba4 Bf5 9. Ng3 Bg4 10. Nce2 Bd6 11. c3 Na6 12. Qd3 Nc7 13. Nf5 Bxf5 14. Qxf5 Ne6 15. 0-0 0-0 16. Bc2 g6 17. Qf3 Nh5 18. Re1 Re8 19. Bd2 Ng5 20. Bxg5 Qxg5 21. Ng3 Bxg3 22. hxg3 Qd2 23. Rxe8+ Rxe8 24. Qd1 Re2 25. Qxd2 Rxd2 26. Rc1 Nf6 27. f3 Nh5 28. Kh2 f5 29. b4 f4 30. g4 Ng3 31. Bb3 Ne2 32. Re1 Kf8 33. b5 cxb5 34. Bxd5 Nxc3 35. Bxb7 Rxd4 36. Bc6 Rc4 37. Bd7 Rc7 38. Be6 b4 39. Bb3 Re7 40. Rc1 Re3 41. Bc4 Ke7 42. Rc2 Kd6 43. Rd2+ Kc5 44. Bg8 Re7 45. Rd8 a5 46. Rc8+ Kb5 47. a3 Na4 48. axb4 axb4 49. Ra8 Nb6 50. Rf8 Rg7 51. Bb3 g5 52. Rf5+ Ka6 53. g3 fxg3+ 54. Kxg3 h6 55. Bc2 Rd7 56. Rf6 Kb5 57. Rxh6 Rd5 58. Rg6 Nc4 59. Bb3 Re5 60. Rg8 Nd2 61. Bf7 b3 62. Rd8 Re2 63. Rxd2 Rxd2 64. Bxb3 Kc5 65. Be6 Kd4 66. Bf5 Ke3 67. Be4 Rd1 68. Kg2 Kf4 69. Kf2 Rd2+ 70. Ke1 Rh2 71. Kf1 Kg3 72. Ke1 Rf2 73. Bd5 Rb2 74. Be4 Rb3 75. Ke2 Kf4 76. Kf2 Rb2+ 77. Kf1 Kg3 78. Ke1 Rf2 79. Bd5 Rh2 80. Kf1 Kf4 81. Be4 Ke3 82. Kg1 Rf2 1/2-1/2

[Event "AUT-ch"]
[Site "Vienna"]
[Date "2010.07.30"]
[Round "7"]
[White "Jedinger, Andreas"]
[Black "Dueckstein, Andreas"]
[Result "0-1"]
[WhiteElo "2177"]
[BlackElo "2254"]
[PlyCount "60"]
[EventDate "2010.07.24"]
[EventType "swiss"]
[EventRounds "9"]
[EventCountry "AUT"]
[SourceTitle "CBM 137 Extra"]
[Source "ChessBase"]
[SourceDate "2010.09.01"]
[SourceVersion "1"]
[SourceVersionDate "2010.09.01"]
[SourceQuality "1"]

1. e4 e5 2. Nf3 Nc6 3. Bb5 Bc5 4. 0-0 Nd4 5. Nxd4 Bxd4 6. c3 Bb6 7. d4 c6 8. Ba4 d6 9. dxe5 dxe5 10. Qh5 Qe7 11. Bg5 Nf6 12. Qh4 Be6 13. Nd2 0-0-0 14. Bb3 h6 15. Bxf6 gxf6 16. Rad1 Rdg8 17. h3 Rg6 18. Nc4 Bc7 19. Ne3 Rg5 20. Rd2 h5 21. Rfd1 Rhg8 22. Kh1 Bb6 23. Rg1 Qf8 24. Rgd1 Qg7 25. Bxe6+ fxe6 26. f4 Rg3 27. Rd7 Qg6 28. Ng4 exf4 29. Qxf6 Qxe4 30. Ne3 Rxh3+ 0-1

[Event "AUT-ch"]
[Site "Vienna"]
[Date "2010.07.29"]
[Round "6"]
[White "Dueckstein, Andreas"]
[Black "Moritz, Christian"]
[Result "1/2-1/2"]
[WhiteElo "2254"]
[BlackElo "2170"]
[PlyCount "64"]
[EventDate "2010.07.24"]
[EventType "swiss"]
[EventRounds "9"]
[EventCountry "AUT"]
[SourceTitle "CBM 137 Extra"]
[Source "ChessBase"]
[SourceDate "2010.09.01"]
[SourceVersion "1"]
[SourceVersionDate "2010.09.01"]
[SourceQuality "1"]

1. e4 e6 2. d4 d5 3. e5 c5 4. c3 Nc6 5. Nf3 Qb6 6. Be2 Nh6 7. b3 cxd4 8. cxd4 Nf5 9. Bb2 Be7 10. 0-0 0-0 11. Na3 Bd7 12. Nc2 Rac8 13. Bd3 Rc7 14. g4 Nh4 15. Nxh4 Bxh4 16. f4 Be7 17. Qe2 f6 18. Kh1 fxe5 19. dxe5 Nb4 20. Nxb4 Bxb4 21. f5 Bc3 22. fxe6 Rxf1+ 23. Rxf1 Bxe6 24. Ba3 Bb4 25. Bb2 Bc3 26. Bxh7+ Kxh7 27. Qd3+ Kg8 28. Bxc3 Bxg4 29. Qxd5+ Be6 30. Qd8+ Kh7 31. Qh4+ Kg8 32. Qd8+ Kh7 1/2-1/2

[Event "EU-chT Seniors 12th"]
[Site "Dresden"]
[Date "2010.02.15"]
[Round "6"]
[White "Hohler, Peter"]
[Black "Dueckstein, Andreas"]
[Result "1/2-1/2"]
[WhiteElo "2203"]
[BlackElo "2227"]
[PlyCount "50"]
[EventDate "2010.02.10"]
[EventType "team-swiss"]
[EventRounds "9"]
[EventCountry "GER"]
[SourceTitle "CBM 134 Extra"]
[Source "ChessBase"]
[SourceDate "2010.03.03"]
[SourceVersion "1"]
[SourceVersionDate "2010.03.03"]
[SourceQuality "1"]
[WhiteTeam "Switzerland (Seniors)"]
[BlackTeam "Vienna (Seniors)"]
[WhiteTeamCountry "SUI"]
[BlackTeamCountry "AUT"]

1. d4 d5 2. c4 e6 3. Nc3 Nf6 4. Bg5 Be7 5. e3 b6 6. Nf3 0-0 7. Rc1 Bb7 8. cxd5 Nxd5 9. Bxe7 Qxe7 10. Be2 Rc8 11. 0-0 Nd7 12. Nxd5 exd5 13. Qa4 a6 14. b4 c6 15. Bd3 g6 16. Qb3 a5 17. b5 c5 18. Qa4 c4 19. Bc2 Qb4 20. Rb1 Qxa4 21. Bxa4 Nf6 22. Bc2 Rc7 23. Rfc1 Re8 24. Kf1 Ne4 25. Bxe4 Rxe4 1/2-1/2

[Event "EU-chT Seniors 12th"]
[Site "Dresden"]
[Date "2010.02.11"]
[Round "2"]
[White "Keller, Lothar"]
[Black "Dueckstein, Andreas"]
[Result "0-1"]
[WhiteElo "2086"]
[BlackElo "2227"]
[PlyCount "86"]
[EventDate "2010.02.10"]
[EventType "team-swiss"]
[EventRounds "9"]
[EventCountry "GER"]
[SourceTitle "CBM 134 Extra"]
[Source "ChessBase"]
[SourceDate "2010.03.03"]
[SourceVersion "1"]
[SourceVersionDate "2010.03.03"]
[SourceQuality "1"]
[WhiteTeam "Pfalz (Seniors)"]
[BlackTeam "Vienna (Seniors)"]
[WhiteTeamCountry "GER"]
[BlackTeamCountry "AUT"]

1. e4 c6 2. d4 d5 3. f3 e6 4. Nc3 Bb4 5. Bf4 Nf6 6. e5 Nfd7 7. a3 Be7 8. b4 a5 9. b5 f6 10. Bd3 fxe5 11. dxe5 0-0 12. Nh3 Qc7 13. Qe2 c5 14. Nxd5 exd5 15. e6 Qd8 16. exd7 Bxd7 17. Bxb8 Rxb8 18. c4 Re8 19. 0-0 Bf6 20. Qc2 Bxh3 21. Bxh7+ Kf8 22. Rad1 Bd4+ 23. Rxd4 cxd4 24. gxh3 Qg5+ 25. Kh1 Rbc8 26. f4 Qf6 27. c5 Re3 28. c6 bxc6 29. Bf5 Rc3 30. Qb1 Rb8 31. b6 a4 32. Re1 Rb3 33. Qc2 Re3 34. Rg1 Qe7 35. Qxa4 c5 36. Qc6 Re1 37. Qxd5 Rxg1+ 38. Kxg1 Rxb6 39. h4 Qe3+ 40. Kh1 Qe1+ 41. Kg2 Rb2+ 42. Kh3 Qe3+ 43. Kg4 Qe2+ 0-1

[Event "EU-chT Seniors 11th"]
[Site "Velden"]
[Date "2009.04.13"]
[Round "9"]
[White "Dueckstein, Andreas"]
[Black "Siegmund, Rainer"]
[Result "1-0"]
[WhiteElo "2235"]
[BlackElo "2140"]
[PlyCount "97"]
[EventDate "2009.04.05"]
[EventType "team-swiss"]
[EventRounds "9"]
[EventCountry "AUT"]
[SourceTitle "CBM 129 Extra"]
[Source "ChessBase"]
[SourceDate "2009.05.05"]
[SourceVersion "2"]
[SourceVersionDate "2009.05.20"]
[SourceQuality "1"]

1. e4 c5 2. Nf3 Nc6 3. d4 cxd4 4. Nxd4 Nf6 5. Nc3 e5 6. Ndb5 d6 7. a4 Be7 8. Nd5 Nxd5 9. exd5 Nb8 10. Be3 Nd7 11. Qd2 a6 12. Na3 f5 13. f3 Bh4+ 14. g3 f4 15. Bf2 Bg5 16. g4 e4 17. fxe4 Ne5 18. 0-0-0 Bxg4 19. Re1 0-0 20. Qb4 Qd7 21. Nc4 Nxc4 22. Bxc4 b5 23. Bb3 Rab8 24. a5 Bf6 25. Qd2 Be5 26. Rhg1 Rbe8 27. Qd3 Rf6 28. Bd4 Rh6 29. Bxe5 Rxe5 30. Qd2 Rf6 31. c3 Bh3 32. Qf2 f3 33. Rg3 Bg2 34. Bd1 Qf7 35. Re3 Rf4 36. Bxf3 Bxf3 37. Rgxf3 Rxf3 38. Rxf3 Qe7 39. Kb1 Rxe4 40. Qb6 h6 41. Qxa6 b4 42. Qc8+ Kh7 43. Qf5+ Kg8 44. cxb4 Qe8 45. Ra3 Re5 46. Qd3 Qh5 47. a6 Re1+ 48. Ka2 Rd1 49. a7 1-0

[Event "EU-chT Seniors 10th"]
[Site "Dresden"]
[Date "2008.02.16"]
[Round "6.3"]
[White "Dueckstein, Andreas"]
[Black "Nickl, Klaus"]
[Result "1/2-1/2"]
[WhiteElo "2252"]
[BlackElo "2141"]
[PlyCount "38"]
[EventDate "2008.02.11"]
[EventType "team-swiss"]
[EventRounds "9"]
[EventCountry "GER"]
[SourceTitle "CBM 122 Extra"]
[Source "ChessBase"]
[SourceDate "2008.03.04"]
[SourceVersion "1"]
[SourceVersionDate "2008.03.04"]
[SourceQuality "1"]
[WhiteTeam "Wien"]
[BlackTeam "Steiermark"]
[WhiteTeamCountry "AUT"]
[BlackTeamCountry "AUT"]

1. e4 e5 2. Nf3 Nc6 3. Bb5 a6 4. Ba4 b5 5. Bb3 Na5 6. 0-0 Nxb3 7. axb3 d6 8. d4 f6 9. Nc3 Bb7 10. Qe2 c6 11. Rd1 Qc7 12. b4 Ne7 13. Be3 g6 14. Nd2 Bg7 15. Nb3 0-0 16. Na5 exd4 17. Bxd4 Bc8 18. Qe3 Be6 19. Rd2 Rfe8 1/2-1/2

[Event "EU-chT Seniors 10th"]
[Site "Dresden"]
[Date "2008.02.14"]
[Round "4.3"]
[White "Dueckstein, Andreas"]
[Black "Anguera Maestro, Jaime"]
[Result "1-0"]
[WhiteElo "2252"]
[BlackElo "2223"]
[PlyCount "87"]
[EventDate "2008.02.11"]
[EventType "team-swiss"]
[EventRounds "9"]
[EventCountry "GER"]
[SourceTitle "CBM 122 Extra"]
[Source "ChessBase"]
[SourceDate "2008.03.04"]
[SourceVersion "1"]
[SourceVersionDate "2008.03.04"]
[SourceQuality "1"]
[WhiteTeam "Wien"]
[BlackTeam "Catalunya"]
[WhiteTeamCountry "AUT"]
[BlackTeamCountry "ESP"]

1. e4 c5 2. Nf3 Nc6 3. Bb5 a6 4. Bxc6 bxc6 5. 0-0 d5 6. d3 Bg4 7. Nbd2 e6 8. c3 Bd6 9. Qa4 Qd7 10. e5 Bxf3 11. Nxf3 Bf8 12. Be3 Nh6 13. b4 cxb4 14. cxb4 Nf5 15. Rac1 Rc8 16. a3 Qb7 17. g4 Ne7 18. Nd4 h5 19. g5 Kd7 20. Rc2 Nf5 21. Nxf5 exf5 22. Bc5 Qb5 23. Qb3 Rc7 24. Rfc1 Bxc5 25. Rxc5 Qb7 26. Qa4 f6 27. Rxd5+ Kc8 28. Rdc5 fxe5 29. Rxe5 Rd8 30. Qb3 Kb8 31. Rxf5 Rcd7 32. Rf3 Qb5 33. Rc5 Qb7 34. Rcf5 Qb6 35. h3 Qd4 36. Qc4 Qb6 37. Rf8 Rd4 38. Rxd8+ Qxd8 39. Qc5 Rd5 40. Rf8 Rxc5 41. Rxd8+ Kc7 42. bxc5 Kxd8 43. f4 g6 44. Kf2 1-0

[Event "EU-chT Seniors 10th"]
[Site "Dresden"]
[Date "2008.02.13"]
[Round "3.3"]
[White "Grabow, Pouelsten Holm"]
[Black "Dueckstein, Andreas"]
[Result "1/2-1/2"]
[WhiteElo "2214"]
[BlackElo "2252"]
[PlyCount "64"]
[EventDate "2008.02.11"]
[EventType "team-swiss"]
[EventRounds "9"]
[EventCountry "GER"]
[SourceTitle "CBM 122 Extra"]
[Source "ChessBase"]
[SourceDate "2008.03.04"]
[SourceVersion "1"]
[SourceVersionDate "2008.03.04"]
[SourceQuality "1"]
[WhiteTeam "Denmark"]
[BlackTeam "Wien"]
[WhiteTeamCountry "DEN"]
[BlackTeamCountry "AUT"]

1. d4 d5 2. Nf3 Nc6 3. Bf4 Bf5 4. e3 e6 5. Be2 Bd6 6. Bg3 Nf6 7. 0-0 0-0 8. c4 dxc4 9. Bxc4 Qe7 10. Nc3 Bxg3 11. hxg3 Rfd8 12. Bb5 Nb8 13. Qb3 a6 14. Be2 c6 15. a4 Qc7 16. Rfd1 Nbd7 17. Rac1 Rab8 18. Qa3 Ne4 19. Nxe4 Bxe4 20. b4 Bxf3 21. Bxf3 Qd6 22. Qb2 Nb6 23. Qb3 Nd5 24. b5 cxb5 25. axb5 Rbc8 26. Bxd5 exd5 27. Ra1 Qb6 28. Rdb1 axb5 29. Ra2 Rc4 30. Rc2 Rdc8 31. Rxc4 dxc4 32. Qb4 c3 1/2-1/2

[Event "EU-chT Seniors 10th"]
[Site "Dresden"]
[Date "2008.02.12"]
[Round "2.3"]
[White "Dueckstein, Andreas"]
[Black "Klundt, Klaus"]
[Result "1/2-1/2"]
[WhiteElo "2252"]
[BlackElo "2378"]
[PlyCount "193"]
[EventDate "2008.02.11"]
[EventType "team-swiss"]
[EventRounds "9"]
[EventCountry "GER"]
[SourceTitle "CBM 122 Extra"]
[Source "ChessBase"]
[SourceDate "2008.03.04"]
[SourceVersion "1"]
[SourceVersionDate "2008.03.04"]
[SourceQuality "1"]
[WhiteTeam "Wien"]
[BlackTeam "Germany"]
[WhiteTeamCountry "AUT"]
[BlackTeamCountry "GER"]

1. e4 c5 2. Nf3 Nc6 3. d4 cxd4 4. Nxd4 Nf6 5. Nc3 e5 6. Ndb5 d6 7. a4 Be7 8. Nd5 Nxd5 9. exd5 Nb8 10. Be3 Nd7 11. Qd2 a6 12. Na3 f5 13. f3 Bh4+ 14. g3 f4 15. Bf2 Bg5 16. Qb4 Be7 17. gxf4 0-0 18. 0-0-0 Rxf4 19. Qb3 Bh4 20. Bg1 Qc7 21. Rd3 Nc5 22. Bxc5 Qxc5 23. Rc3 Qf2 24. Kb1 e4 25. Nc4 Rxf3 26. Nxd6 Bf6 27. Rxf3 Qxf3 28. Qxf3 exf3 29. Nxc8 Rxc8 30. Bh3 Rc4 31. Rf1 Rf4 32. Bc8 b5 33. d6 f2 34. axb5 axb5 35. c3 Kf8 36. Kc2 Be5 37. Ba6 Rf5 38. Bxb5 Bxh2 39. Bd3 Rf6 40. Bxh7 Bxd6 41. b4 g5 42. Be4 g4 43. Kd3 g3 44. Bg2 Ke7 45. Ke2 Re6+ 46. Kf3 Re1 47. Bh3 Kf6 48. c4 Kg5 49. c5 Bf4 50. c6 Re3+ 51. Kg2 Kh4 52. Bd7 Bc7 53. b5 Kg5 54. b6 Bxb6 55. c7 Bxc7 56. Bb5 Kf4 57. Rc1 Be5 58. Rc4+ Kg5 59. Rc5 Re1 60. Bf1 Kg4 61. Rc4+ Bf4 62. Rc3 Re8 63. Rc5 Re1 64. Rc3 Be5 65. Rc4+ Kg5 66. Rc5 Kf5 67. Rb5 Ke4 68. Rb3 Rd1 69. Rb4+ Bd4 70. Rb3 Be5 71. Rb4+ Kf5 72. Ra4 Rd8 73. Rh4 Kg5 74. Rh7 Rd6 75. Be2 Rd2 76. Bf1 Rd1 77. Rb7 Rc1 78. Rb5 Kf5 79. Rb4 Ra1 80. Rc4 Ra7 81. Rh4 Bf4 82. Rh8 Ke4 83. Rh1 Ra2 84. Rh7 Ra1 85. Re7+ Be5 86. Rf7 Rb1 87. Ra7 Rc1 88. Ra4+ Bd4 89. Ra3 Bc3 90. Ra4+ Ke3 91. Rc4 Kd2 92. Re4 Re1 93. Rg4 Be5 94. Ra4 Ke3 95. Ra3+ Ke4 96. Ra4+ Bd4 97. Ra3 1/2-1/2